| 000 | nam a22 a 4500 | ||
|---|---|---|---|
| 999 |
_c1035 _d1035 |
||
| 003 | AKMAL | ||
| 005 | 20170508111154.0 | ||
| 008 | 170508s1994 my a00 may d | ||
| 020 |
_a9836239502 (kkt.): _cRM 18.00 |
||
| 040 |
_aAKMAL _cAKMAL |
||
| 049 | _aklpmal | ||
| 082 | 0 | 4 | _a297.1978 KHA |
| 090 |
_a297.1978 _bKHA |
||
| 090 | 2 | 0 |
_a297.1978 _bKHA |
| 100 | 1 |
_aKhadduri, Majid, _d1908- _92166 |
|
| 245 | 1 | 0 |
_aKonsep keadilan dalam Islam / _cMajid Khadduri ; penterjemah Norliza Tarmeze, Mostafa Kamal Mokhtar |
| 260 |
_aKuala Lumpur : _bDewan Bahasa dan Pustaka, _c1994 |
||
| 300 |
_axv, 310ms. ; _c22cm |
||
| 500 | _aMengandungi indeks | ||
| 504 | _aBibliografi: ms. [295]-302 | ||
| 650 |
_aIslam and justice _91863 |
||
| 700 | 0 |
_aNorliza Tarmeze _92167 |
|
| 700 | 0 |
_aMostafa Kamal Mokhtar _92168 |
|
| 942 |
_2ddc _cBOOK |
||